عرض عادي
عرض مارك
- Animal cell biotechnology
مدخل مصطلح موضوعي
001 - رقم الضبط
- حقل الضبط: 36480
003 - معرف رقم الضبط
- حقل الضبط: OSt
005 - تاريخ ووقت أخر عملية
- حقل الضبط: 20130805142311.0
008 - عناصر بيانات ثابتة الطول
- حقل تحكم ثابت الطول: 130805|||a|||||| | ||| d
040 ## - مصدر الفهرسة
- هيئة الفهرسة الأصلية: OSt
- وكالة الكتابة: OSt
150 ## - مدخل-- مصطلح تاريخي
- عنصر مدخل المصطلح الموضوعي او الاسم الجغرافي: Animal cell biotechnology
670 ## - بيانات المصدر موجوده
- الاستشهاد بالمصدر: Work cat.: (OSt): Alfred, Edmund 36479, Recent advancec in animal cell biotechnology /, 2013.
